Management of microorganisms and insects for cost reduction in rubber plantation (Record no. 52478)

MARC details
000 -LEADER
fixed length control field 00574nam a2200145Ia 4500
100 ## - MAIN ENTRY--AUTHOR NAME
Personal name Jacob C.K.
245 #0 - TITLE STATEMENT
Title Management of microorganisms and insects for cost reduction in rubber plantation
260 ## - PUBLICATION, DISTRIBUTION, ETC. (IMPRINT)
Name of publisher In: Global Competitiveness of Indian Rubber Plantation Industry: Rubber Planters Conference , India 2002 (Ed. C.K. Jacob). Rubber Research Institute of India, Kottayam, pp. 283-297.
Year of publication 2003
650 ## - SUBJECT ADDED ENTRY--TOPICAL TERM
Topical Term Disease control
650 ## - SUBJECT ADDED ENTRY--TOPICAL TERM
Topical Term Insect
650 ## - SUBJECT ADDED ENTRY--TOPICAL TERM
Topical Term Microorganism
650 ## - SUBJECT ADDED ENTRY--TOPICAL TERM
Topical Term Rubber plantation
942 ## - ADDED ENTRY ELEMENTS (KOHA)
Koha item type Bibliography STAF
Holdings
Withdrawn status Lost status Damaged status Not for loan Home library Current library Date acquired Koha item type
      Bibliography RRII Library RRII Library 09/04/2014 Bibliography STAF